[Event "53o Festival Citta' di Torino - Open A"]
[Site "Torino ITA"]
[Date "2024.01.02"]
[Round "1.1"]
[White "BARP, Alberto"]
[Black "MONTORSI, Matteo"]
[Result "1-0"]
[WhiteElo "2437"]
[BlackElo "2162"]
[PlyCount "61"]
[EventDate "2024.01.02"]

1. d4 Nf6 2. c4 g6 3. g3 Bg7 4. Bg2 d6 5. Nc3 O-O 6. Nf3 Nc6 7. O-O Bf5 8. d5
Na5 9. Nh4 Bd7 10. b3 c5 11. Bb2 a6 12. Qd2 b5 13. Nd1 Ne8 14. Bc3 Bxc3 15.
Qxc3 bxc4 16. bxc4 Rb8 17. e4 e5 18. Ne3 Rb4 19. Nf3 f5 20. exf5 gxf5 21. Nd2
e4 22. a3 Ra4 23. f3 Qf6 24. Rac1 Qd4 25. fxe4 Nf6 26. exf5 Re8 27. Rfe1 Qxc3
28. Rxc3 Ng4 29. Be4 Nxe3 30. Rexe3 Bc8 31. Bc2 1-0

[Event "53o Festival Citta' di Torino - Open A"]
[Site "Torino ITA"]
[Date "2024.01.02"]
[Round "1.2"]
[White "NARDELLI, Marco"]
[Black "Defromont, Benjamin"]
[Result "0-1"]
[WhiteElo "2152"]
[BlackElo "2423"]
[PlyCount "65"]
[EventDate "2024.01.02"]

1. e4 g6 2. d4 Bg7 3. Nc3 d6 4. f4 a6 5. Nf3 b5 6. Be3 Nd7 7. a4 b4 8. Na2 a5
9. Bd3 Bb7 10. O-O Ngf6 11. Nd2 O-O 12. Qe2 c5 13. d5 e6 14. dxe6 fxe6 15. Rad1
Qc7 16. f5 exf5 17. exf5 Ne5 18. fxg6 Rae8 19. Bb5 Re7 20. gxh7+ Kh8 21. Bg5
Nf3+ 22. Nxf3 Rxe2 23. Bxe2 Ne4 24. Be3 Qe7 25. Bd3 Bxb2 26. Nc1 Qg7 27. Nh4
Rxf1+ 28. Rxf1 Bd4 29. Rf8+ Kxh7 30. Rf3 Bxe3+ 31. Rxe3 Qg5 32. Re1 Qxh4 33. g3
0-1

[Event "53o Festival Citta' di Torino - Open A"]
[Site "Torino ITA"]
[Date "2024.01.02"]
[Round "1.3"]
[White "FAVALORO, Andrea"]
[Black "TRIPODI, Enzo"]
[Result "1-0"]
[WhiteElo "2411"]
[BlackElo "2139"]
[PlyCount "79"]
[EventDate "2024.01.02"]

1. Nf3 c5 2. c4 Nf6 3. Nc3 Nc6 4. d4 cxd4 5. Nxd4 e5 6. Nc2 Bc5 7. g3 O-O 8.
Bg2 d6 9. O-O a6 10. Bg5 h6 11. Bxf6 Qxf6 12. Qd2 Be6 13. b4 Ba7 14. Ne4 Qe7
15. Nxd6 Rad8 16. c5 Bb8 17. Rfd1 Rd7 18. a4 Rfd8 19. b5 Na7 20. Qe3 axb5 21.
Rdb1 bxa4 22. Nxb7 Rc8 23. Rxa4 Bf5 24. Be4 Bxe4 25. Qxe4 f5 26. Qc4+ Kh7 27.
Rab4 Nc6 28. Rb6 e4 29. Qa6 Ne5 30. Nd6 Bxd6 31. Qxc8 Bxc5 32. Rb7 Rxb7 33.
Rxb7 Qd6 34. Qxf5+ Ng6 35. Qxe4 Qf6 36. Ne3 Qc3 37. Rc7 Qe1+ 38. Kg2 Bxe3 39.
Qxe3 Qb1 40. Qd4 1-0

[Event "53o Festival Citta' di Torino - Open A"]
[Site "Torino ITA"]
[Date "2024.01.02"]
[Round "1.4"]
[White "CENTAMORE, Alberto"]
[Black "GENOCCHIO, Daniele"]
[Result "0-1"]
[WhiteElo "2127"]
[BlackElo "2367"]
[PlyCount "80"]
[EventDate "2024.01.02"]

1. d4 Nf6 2. c4 e6 3. Nf3 c5 4. d5 b5 5. dxe6 fxe6 6. cxb5 a6 7. b6 Qxb6 8.
Nbd2 Bb7 9. Qb3 Qxb3 10. Nxb3 Nc6 11. Bd2 Ne4 12. Bc3 Nb4 13. Bxb4 cxb4 14.
Nfd2 a5 15. f3 a4 16. Nd4 Bc5 17. e3 Nf6 18. Rc1 Rc8 19. Bb5 Ke7 20. Ke2 a3 21.
bxa3 bxa3 22. N2b3 Bd6 23. e4 g5 24. Na5 Ba8 25. Nc4 Bf4 26. Rc2 Nxe4 27. fxe4
Bxe4 28. Rc3 e5 29. Nf3 d5 30. Rxa3 dxc4 31. Ra4 g4 32. Ne1 Rhd8 33. Rxc4 Rd2+
34. Kf1 Be3 35. Rxe4 Rf2+ 36. Kg1 Bb6 37. Rxe5+ Kd6 38. g3 Rc1 39. Re8 Re2+ 40.
Kf1 Rcxe1# 0-1

[Event "53o Festival Citta' di Torino - Open A"]
[Site "Torino ITA"]
[Date "2024.01.02"]
[Round "1.5"]
[White "COLLUTIIS, Duilio"]
[Black "PACINI, Ermanno"]
[Result "1-0"]
[WhiteElo "2344"]
[BlackElo "2122"]
[PlyCount "45"]
[EventDate "2024.01.02"]

1. c4 Nf6 2. Nf3 g6 3. b4 Bg7 4. Bb2 O-O 5. g3 d5 6. cxd5 Nxd5 7. Bxg7 Kxg7 8.
Qb3 Qd6 9. Qb2+ f6 10. a3 a5 11. b5 a4 12. d4 c5 13. bxc6 Ra6 14. Bg2 Nxc6 15.
Nbd2 Na5 16. O-O Rb6 17. Qc2 Bd7 18. Ne4 Qc7 19. Nc5 Rc8 20. e4 Nb3 21. Rad1
Nb4 22. axb4 Rxb4 23. Qb2 1-0

[Event "53o Festival Citta' di Torino - Open A"]
[Site "Torino ITA"]
[Date "2024.01.02"]
[Round "1.6"]
[White "Lacan Rus, David"]
[Black "CAPPELLETTO, Joshuaede"]
[Result "1/2-1/2"]
[WhiteElo "2121"]
[BlackElo "2320"]
[PlyCount "85"]
[EventDate "2024.01.02"]

1. e4 c5 2. Be2 Nc6 3. f4 e6 4. Nf3 d5 5. d3 g6 6. O-O Bg7 7. c3 Nge7 8. Qe1
O-O 9. Na3 a6 10. Nc2 b5 11. Be3 d4 12. cxd4 Nxd4 13. Ncxd4 cxd4 14. Bd2 Nc6
15. Rc1 Bb7 16. Qg3 Qd7 17. Qh3 f5 18. Bd1 Kh8 19. Bb3 Rae8 20. Nh4 Qf7 21. Rc5
fxe4 22. dxe4 d3 23. Nf3 Qd7 24. Rg5 Nd4 25. Ne5 Bxe5 26. Rxe5 Ne2+ 27. Kh1 Qd4
28. Rxe6 Rxe6 29. Qxe6 Qxe4 30. Rf2 Qxe6 31. Bxe6 h5 32. f5 Be4 33. f6 Bf5 34.
Bxf5 Rxf6 35. g3 gxf5 36. Rf3 Rc6 37. Rxd3 Rc2 38. Bg5 Kg8 39. Rd2 Rxd2 40.
Bxd2 Nd4 41. Kg2 Kf7 42. Kf2 Nc6 43. Kf3 1/2-1/2

[Event "53o Festival Citta' di Torino - Open A"]
[Site "Torino ITA"]
[Date "2024.01.02"]
[Round "1.7"]
[White "PISCOPO, Pierluigi"]
[Black "GOLA, Giorgio"]
[Result "1-0"]
[WhiteElo "2319"]
[BlackElo "2090"]
[PlyCount "59"]
[EventDate "2024.01.02"]

1. c4 Nf6 2. Nc3 e6 3. d4 Bb4 4. e3 O-O 5. Bd3 d5 6. Nge2 Re8 7. O-O b6 8. e4
dxe4 9. Nxe4 Be7 10. Qc2 Nbd7 11. Bf4 Bb7 12. N2c3 Nxe4 13. Nxe4 h6 14. Rad1
Nf6 15. Nc3 Bd6 16. Be5 Qe7 17. Rfe1 Rad8 18. Nb5 Bxe5 19. dxe5 Nh5 20. Bh7+
Kh8 21. Be4 Bxe4 22. Qxe4 a6 23. Nd4 Qg5 24. g3 g6 25. Nc6 Rd2 26. Rxd2 Qxd2
27. Qe2 Qd7 28. Qf3 Kg8 29. Rd1 Qc8 30. Rd8 1-0

[Event "53o Festival Citta' di Torino - Open A"]
[Site "Torino ITA"]
[Date "2024.01.02"]
[Round "1.8"]
[White "FAVITTA, Amedeo"]
[Black "Vela Frago, Alberto"]
[Result "0-1"]
[WhiteElo "2075"]
[BlackElo "2310"]
[PlyCount "191"]
[EventDate "2024.01.02"]

1. Nf3 d5 2. g3 Nd7 3. d4 Nb6 4. Nc3 Bf5 5. Bg2 e6 6. O-O Be7 7. Nd2 Nf6 8. e4
dxe4 9. Ndxe4 c6 10. Re1 O-O 11. h3 h6 12. Bf4 Nbd5 13. Qd2 Nxf4 14. Qxf4 Qxd4
15. Qc7 Bxe4 16. Nxe4 Nxe4 17. Bxe4 Bc5 18. Qf4 Rad8 19. Qf3 Qxb2 20. Rab1 Qxa2
21. Rxb7 Qa6 22. Rb3 Rd6 23. Bd3 Qa5 24. Qe4 g6 25. Rb7 Qd2 26. Re2 Qg5 27. Kg2
Qf6 28. Rc7 Qd4 29. Rxc6 Qxe4+ 30. Bxe4 Rxc6 31. Bxc6 Rb8 32. Re4 Kg7 33. Rc4
Bb6 34. Re4 Rc8 35. Ba4 Rc3 36. Bb3 Kf6 37. f4 Ke7 38. Re2 Bc5 39. Re4 Bb6 40.
Re2 Bc7 41. Rf2 h5 42. Rf3 Rc5 43. h4 a5 44. Rd3 Bd6 45. Kf3 Rb5 46. Rd4 Bc5
47. Rd1 Bb6 48. Ra1 Rc5 49. Rd1 Rc3+ 50. Kg2 Re3 51. Rd2 Bc5 52. Ba4 Kf6 53.
Bb5 Bb4 54. Rd7 Rc3 55. Bd3 a4 56. Ra7 a3 57. Kf3 Rc8 58. Ra4 Rb8 59. Bc4 Be7
60. Bb3 Rc8 61. Bc4 Rd8 62. Bb3 Rd2 63. Ra5 Bb4 64. Rb5 Bc3 65. Rb7 Bd4 66. Rd7
Rxc2 67. Bxc2 a2 68. Rxd4 a1=Q 69. Rd1 Qc3+ 70. Bd3 Qb3 71. Ke2 e5 72. Rb1 Qa2+
73. Ke3 Qa7+ 74. Kf3 Qd4 75. fxe5+ Kxe5 76. Re1+ Kf6 77. Re3 Qd5+ 78. Be4 Qd1+
79. Kf2 Kg7 80. Bf3 Qd4 81. Ke2 Qb2+ 82. Kf1 f6 83. Re2 Qd4 84. Kg2 Kh6 85. Rc2
Qd3 86. Rb2 g5 87. hxg5+ Kxg5 88. Ra2 f5 89. Rf2 h4 90. gxh4+ Kxh4 91. Re2 f4
92. Kf2 Kh3 93. Re4 Qc2+ 94. Re2 Qc5+ 95. Ke1 Kg3 96. Rg2+ 0-1

[Event "53o Festival Citta' di Torino - Open A"]
[Site "Torino ITA"]
[Date "2024.01.02"]
[Round "1.9"]
[White "YAO, Stefano"]
[Black "VAIRO, Rocco Enrico"]
[Result "1-0"]
[WhiteElo "2306"]
[BlackElo "2060"]
[PlyCount "111"]
[EventDate "2024.01.02"]

1. d4 d5 2. c4 e6 3. Nf3 Nf6 4. g3 Be7 5. Bg2 O-O 6. O-O dxc4 7. Qa4 b6 8. Qxc4
Bb7 9. Nc3 Nbd7 10. Rd1 c5 11. dxc5 Rc8 12. Qa4 Bc6 13. Qf4 Bxc5 14. Ne5 Bxg2
15. Kxg2 Qe7 16. Nd3 Rfd8 17. Qa4 Nb8 18. Bg5 Qb7+ 19. Kg1 Be7 20. Rac1 Nc6 21.
Bxf6 Bxf6 22. Qe4 Qb8 23. Nb5 Nd4 24. Rxc8 Qxc8 25. Rc1 Qd7 26. Nxd4 Bxd4 27.
Kg2 g6 28. b3 Qe7 29. Qc6 Bf6 30. Rc4 Kg7 31. Qe4 Rd6 32. a4 Qd8 33. Qb7 Rd7
34. Qc6 Rd4 35. Rc2 e5 36. f3 Qe7 37. Nf2 Qd7 38. Ne4 Be7 39. g4 Qxc6 40. Rxc6
Rb4 41. Rc7 Kf8 42. Rxa7 Rxb3 43. Ra8+ Kg7 44. Re8 Bc5 45. Rxe5 Bd4 46. Rb5 Ra3
47. Rb4 Be3 48. Ng3 Kf6 49. Re4 Bc5 50. h4 Rb3 51. g5+ Kg7 52. h5 Rb1 53. h6+
Kf8 54. f4 Rg1+ 55. Kf3 Bd6 56. e3 1-0

[Event "53o Festival Citta' di Torino - Open A"]
[Site "Torino ITA"]
[Date "2024.01.02"]
[Round "1.10"]
[White "ROTONDARO, Alberto"]
[Black "BETTALLI, Francesco"]
[Result "0-1"]
[WhiteElo "2056"]
[BlackElo "2271"]
[PlyCount "82"]
[EventDate "2024.01.02"]

1. d4 Nf6 2. c4 d6 3. Nc3 e5 4. d5 Be7 5. e4 O-O 6. h3 Ne8 7. Nf3 g6 8. g4 Kh8
9. Bh6 Rg8 10. Be3 f5 11. gxf5 gxf5 12. exf5 Bxf5 13. Bd3 Ng7 14. Rg1 Qf8 15.
Ng5 Nd7 16. Qc2 Bxd3 17. Qxd3 Nf5 18. O-O-O Bxg5 19. Bxg5 Nc5 20. Qf3 Rg6 21.
Ne4 Nd4 22. Bf6+ Rxf6 23. Qxf6+ Qxf6 24. Nxf6 Ne2+ 25. Kb1 Nxg1 26. Rxg1 Rf8
27. Ng4 h5 28. Ne3 Rxf2 29. Rg5 Nd3 30. Rxh5+ Kg7 31. Rg5+ Kf6 32. Rg2 Rxg2 33.
Nxg2 Nf4 34. Nxf4 exf4 35. Kc2 Kg5 36. Kd3 Kh4 37. Ke2 Kg3 38. Kf1 Kxh3 39. Kf2
Kg4 40. b4 b6 41. a4 a6 0-1

[Event "53o Festival Citta' di Torino - Open A"]
[Site "Torino ITA"]
[Date "2024.01.02"]
[Round "1.11"]
[White "BIFULCO, Michel"]
[Black "GIOSEFFI, Massimiliano"]
[Result "1-0"]
[WhiteElo "2251"]
[BlackElo "2044"]
[PlyCount "89"]
[EventDate "2024.01.02"]

1. e4 c5 2. Nf3 e6 3. Nc3 Nc6 4. d4 cxd4 5. Nxd4 Qc7 6. f4 a6 7. Nxc6 Qxc6 8.
Bd3 b5 9. Qe2 Bb7 10. Bd2 Rc8 11. O-O-O Bc5 12. a3 Ne7 13. h4 O-O 14. h5 f5 15.
g4 fxe4 16. Nxe4 Nd5 17. Nxc5 Qxc5 18. Qe4 g6 19. Qe5 Nxf4 20. Bxf4 Qxe5 21.
Bxe5 Bxh1 22. Rxh1 d6 23. Bc3 g5 24. Re1 Rce8 25. Bd2 h6 26. Bg6 Re7 27. Bb4
Rd8 28. Re3 Kg7 29. b3 Kf6 30. Rf3+ Kg7 31. Rc3 Kf6 32. Rc6 Ke5 33. Rxa6 Red7
34. Bd3 Kf4 35. Bxb5 Kxg4 36. Bxd7 Rxd7 37. Rxd6 Rf7 38. Rxe6 Kxh5 39. a4 g4
40. Bd2 g3 41. Rxh6+ Kg4 42. Rg6+ Kh3 43. Be3 g2 44. a5 Rf3 45. Bb6 1-0

[Event "53o Festival Citta' di Torino - Open A"]
[Site "Torino ITA"]
[Date "2024.01.02"]
[Round "1.12"]
[White "Mallet, Lionel"]
[Black "Pasini, Nicolo"]
[Result "0-1"]
[WhiteElo "2037"]
[BlackElo "2193"]
[PlyCount "118"]
[EventDate "2024.01.02"]

1. d4 d5 2. c4 e6 3. Nc3 c6 4. Nf3 Nf6 5. Bg5 dxc4 6. e4 b5 7. e5 h6 8. Bh4 g5
9. Nxg5 hxg5 10. Bxg5 Nbd7 11. g3 Bb7 12. Bg2 Qb6 13. exf6 O-O-O 14. O-O c5 15.
d5 b4 16. Na4 Qa6 17. a3 Bxd5 18. Bxd5 Ne5 19. axb4 Rxd5 20. Qe2 cxb4 21. Nc3
Qd6 22. Ne4 Qc6 23. Be3 Rd3 24. f3 a6 25. Rfd1 Kb7 26. Rxd3 cxd3 27. Qg2 Nc4
28. Qf2 Nxe3 29. Qxe3 Qc2 30. Qd2 Qxd2 31. Nxd2 Bc5+ 32. Kg2 Bd4 33. Ne4 Bxb2
34. Rb1 Ba3 35. Nd6+ Kc7 36. Nxf7 Rf8 37. Ne5 d2 38. Kf2 Bb2 39. f4 Rxf6 40.
Ke2 Bc3 41. Nc4 Kc6 42. Nxd2 Rh6 43. h4 a5 44. Ne4 Bg7 45. Kd3 Kb6 46. Kc4 Rh8
47. Rd1 Rc8+ 48. Kb3 Rc6 49. Rd7 Ba1 50. h5 Rc1 51. h6 Re1 52. Rd6+ Kb5 53.
Rxe6 a4+ 54. Ka2 Rg1 55. Re8 Bd4 56. Rb8+ Kc6 57. Nc3 Bxc3 58. Rc8+ Kd7 59.
Rxc3 Rg2+ 0-1

[Event "53o Festival Citta' di Torino - Open A"]
[Site "Torino ITA"]
[Date "2024.01.02"]
[Round "1.13"]
[White "Lauda, Alexandr"]
[Black "AGRESTA, Giulio"]
[Result "1-0"]
[WhiteElo "2182"]
[BlackElo "2029"]
[PlyCount "61"]
[EventDate "2024.01.02"]

1. d4 Nf6 2. c4 e6 3. Nf3 d5 4. g3 Be7 5. Bg2 O-O 6. O-O dxc4 7. Ne5 Nc6 8.
Nxc6 bxc6 9. Na3 Bxa3 10. bxa3 Rb8 11. a4 Nd5 12. Ba3 Re8 13. Bc5 Ba6 14. Qc2
e5 15. dxe5 Rxe5 16. Bxa7 Rb7 17. Bd4 Re8 18. Rfd1 Qe7 19. Bf3 Qa3 20. Qf5 c3
21. Qd7 Rbb8 22. Qxc6 Bb7 23. Qc4 c2 24. Qxc2 Nb4 25. Qf5 Bxf3 26. Qg5 f6 27.
Bxf6 g6 28. exf3 Qxf3 29. Rd7 Re2 30. Rg7+ Kf8 31. Qc5+ 1-0

[Event "53o Festival Citta' di Torino - Open A"]
[Site "Torino ITA"]
[Date "2024.01.02"]
[Round "1.14"]
[White "LO GATTO, Riccardo"]
[Black "Petritaj, Ferdinando"]
[Result "0-1"]
[WhiteElo "2028"]
[BlackElo "2176"]
[PlyCount "138"]
[EventDate "2024.01.02"]

1. d4 Nf6 2. c4 e6 3. Nc3 Bb4 4. f3 c5 5. d5 d6 6. e4 O-O 7. Nge2 Re8 8. Nf4 e5
9. Nfe2 a6 10. a4 Nh5 11. Be3 f5 12. exf5 Bxf5 13. g4 e4 14. gxf5 exf3 15. Qd3
fxe2 16. Bxe2 Nd7 17. O-O Ne5 18. Qe4 Nf6 19. Qf4 Bxc3 20. bxc3 Nxc4 21. Bxc4
Re4 22. Qf3 Rxc4 23. Bg5 Qf8 24. Kh1 Re8 25. Bxf6 Qxf6 26. Rae1 Re5 27. Rxe5
Qxe5 28. f6 Qe4 29. Qxe4 Rxe4 30. fxg7 Kxg7 31. Rb1 Re7 32. Kg2 Rf7 33. Rb6 Rd7
34. Kg3 Kf6 35. Kf4 h6 36. a5 Kg6 37. Kg4 h5+ 38. Kf4 Kf6 39. h3 Kg6 40. c4 Kf6
41. Rb3 Rf7 42. Rb6 Rd7 43. Rb3 Kg6 44. Re3 Rf7+ 45. Kg3 Rf6 46. Re7 h4+ 47.
Kg4 Rf1 48. Re6+ Kf7 49. Rxd6 Rc1 50. Kxh4 Rxc4+ 51. Kg5 Rd4 52. h4 Ke7 53.
Re6+ Kd7 54. Re1 Rxd5+ 55. Kg6 c4 56. h5 Rxa5 57. h6 Ra2 58. Rh1 Rg2+ 59. Kf5
Rg8 60. h7 Rh8 61. Kg6 Kc6 62. Kg7 Rxh7+ 63. Kxh7 b5 64. Kg6 c3 65. Kf5 Kd5 66.
Rd1+ Kc4 67. Ke4 c2 68. Rh1 b4 69. Ke3 Kc3 0-1

[Event "53o Festival Citta' di Torino - Open A"]
[Site "Torino ITA"]
[Date "2024.01.02"]
[Round "1.15"]
[White "MADIAI, Federico"]
[Black "BERGERO, Simone"]
[Result "1/2-1/2"]
[WhiteElo "2172"]
[BlackElo "2008"]
[PlyCount "72"]
[EventDate "2024.01.02"]

1. e4 c5 2. Nf3 Nc6 3. Nc3 e5 4. Bc4 Be7 5. d3 Nf6 6. Nd2 O-O 7. Nf1 d6 8. Ne3
Nd7 9. a3 a6 10. O-O b5 11. Ba2 Nb6 12. Ncd5 Be6 13. c3 Bg5 14. b4 Bxd5 15.
Nxd5 Bxc1 16. Qxc1 Ne7 17. Ne3 cxb4 18. axb4 d5 19. Bb3 d4 20. cxd4 Qxd4 21.
Qc5 Qxc5 22. bxc5 Nd7 23. Rfc1 Rfc8 24. Nd5 Kf8 25. Nxe7 Kxe7 26. c6 Nb6 27. c7
Kd6 28. Bxf7 Rxc7 29. Rxc7 Kxc7 30. Kf1 Kc6 31. Ke2 a5 32. Ke3 Kc5 33. Rc1+ Kb4
34. Rb1+ Kc5 35. Rc1+ Kb4 36. Rb1+ Kc5 1/2-1/2

[Event "53o Festival Citta' di Torino - Open A"]
[Site "Torino ITA"]
[Date "2024.01.02"]
[Round "1.16"]
[White "GALLO, Ivan"]
[Black "MALDONADO GONZALES, Stefano"]
[Result "0-1"]
[WhiteElo "2004"]
[BlackElo "2166"]
[PlyCount "100"]
[EventDate "2024.01.02"]

1. e4 e5 2. Nf3 Nc6 3. Bb5 a6 4. Ba4 Nf6 5. O-O d6 6. Re1 Bd7 7. c3 g6 8. d4
Bg7 9. h3 O-O 10. Bg5 h6 11. Bxf6 Bxf6 12. d5 Ne7 13. Bxd7 Qxd7 14. Nbd2 Bg7
15. a4 f5 16. c4 f4 17. Qb3 g5 18. Nh2 h5 19. Qf3 Qe8 20. b4 Kh7 21. c5 Ng8 22.
Nc4 Rf6 23. cxd6 cxd6 24. Rec1 Nh6 25. Nb6 Rd8 26. Rc7 Qg6 27. Qd3 g4 28. h4
Rf7 29. Rac1 Ng8 30. Nf1 Nf6 31. Nd2 Bh6 32. f3 Ne8 33. Rxf7+ Qxf7 34. b5 axb5
35. Qxb5 Nc7 36. Qe2 g3 37. Kf1 Qe7 38. Ke1 Na6 39. Nb3 Qxh4 40. Na5 Nc5 41.
Nxb7 Nxb7 42. Rc7+ Kg6 43. Rxb7 Qh2 44. Nc4 h4 45. Rb2 Qg1+ 46. Kd2 h3 47. gxh3
g2 48. Kc2 Qf1 49. Nxe5+ dxe5 50. Rb6+ Kh5 0-1

[Event "53o Festival Citta' di Torino - Open A"]
[Site "Torino ITA"]
[Date "2024.01.03"]
[Round "2.1"]
[White "BETTALLI, Francesco"]
[Black "BARP, Alberto"]
[Result "1/2-1/2"]
[WhiteElo "2271"]
[BlackElo "2437"]
[PlyCount "78"]
[EventDate "2024.01.02"]

1. e4 e5 2. Nf3 Nc6 3. d4 exd4 4. Nxd4 Nf6 5. Nc3 Bb4 6. Nxc6 bxc6 7. Bd3 d5 8.
Bd2 O-O 9. O-O Rb8 10. a3 Bg4 11. Qe1 Bc5 12. h3 Bh5 13. Na4 Bd4 14. c3 dxe4
15. Bxe4 Bb6 16. Bc2 Re8 17. Qc1 Re2 18. Bg5 h6 19. Bh4 Bg6 20. Bxg6 fxg6 21.
Qf4 Nd5 22. Qc4 Qe8 23. Bg3 Re4 24. Qa6 Qc8 25. Qxc8+ Rxc8 26. Nxb6 cxb6 27. f3
Re2 28. Rf2 Rce8 29. c4 Re1+ 30. Rf1 Rxa1 31. Rxa1 Ne3 32. Re1 Kf7 33. b3 Nc2
34. Rd1 Re3 35. Rd7+ Re7 36. Rxe7+ Kxe7 37. Be5 Nxa3 38. Bxg7 h5 39. Kf2 Nc2
1/2-1/2

[Event "53o Festival Citta' di Torino - Open A"]
[Site "Torino ITA"]
[Date "2024.01.03"]
[Round "2.2"]
[White "Defromont, Benjamin"]
[Black "YAO, Stefano"]
[Result "1/2-1/2"]
[WhiteElo "2423"]
[BlackElo "2306"]
[PlyCount "158"]
[EventDate "2024.01.02"]

1. e4 e6 2. d4 d5 3. Nd2 c5 4. Ngf3 Nc6 5. exd5 exd5 6. Bb5 Qe7+ 7. Be2 Qc7 8.
O-O Nf6 9. Re1 cxd4 10. Nb3 Bb4 11. Bd2 Bxd2 12. Qxd2 O-O 13. Nfxd4 Bd7 14. Bd3
Rfe8 15. h3 Ne5 16. Qf4 Re7 17. Re2 Rae8 18. Rae1 a6 19. Kf1 Nh5 20. Qh2 g6 21.
g4 Ng7 22. Qf4 Qd6 23. Nf3 f6 24. Nbd4 Rf7 25. Qg3 Nc4 26. Qxd6 Nxd6 27. Rxe8+
Ngxe8 28. Kg2 Kf8 29. Ne6+ Bxe6 30. Rxe6 Re7 31. Nd4 Rxe6 32. Nxe6+ Ke7 33. Nd4
Nc7 34. Kf3 Ne6 35. Nxe6 Kxe6 36. Ke3 Nf7 37. f4 Kd6 38. h4 Nd8 39. a3 Nc6 40.
Be2 h6 41. c4 Ne7 42. cxd5 Nxd5+ 43. Ke4 a5 44. Bb5 Ne7 45. Kd4 Nd5 46. Ke4 Ne7
47. Be8 f5+ 48. Kf3 fxg4+ 49. Kxg4 Ke6 50. Bxg6 Nxg6 51. f5+ Kf6 52. fxg6 Kxg6
53. b4 axb4 54. axb4 b5 55. h5+ Kf6 56. Kf4 Ke6 57. Ke4 Kf6 58. Kd5 Kg5 59. Kc6
Kxh5 60. Kxb5 Kg4 61. Kc4 h5 62. b5 h4 63. b6 h3 64. b7 h2 65. b8=Q h1=Q 66.
Qg8+ Kf4 67. Qf7+ Ke3 68. Qa7+ Kf4 69. Qc7+ Ke3 70. Qc5+ Kf4 71. Qd6+ Ke3 72.
Qd4+ Ke2 73. Qb2+ Ke3 74. Qd4+ Ke2 75. Qd3+ Kf2 76. Qd2+ Kg3 77. Qg5+ Kf2 78.
Qf4+ Qf3 79. Qxf3+ Kxf3 1/2-1/2

[Event "53o Festival Citta' di Torino - Open A"]
[Site "Torino ITA"]
[Date "2024.01.03"]
[Round "2.3"]
[White "Pasini, Nicolo"]
[Black "FAVALORO, Andrea"]
[Result "0-1"]
[WhiteElo "2193"]
[BlackElo "2411"]
[PlyCount "56"]
[EventDate "2024.01.02"]

1. e4 c5 2. Nf3 Nc6 3. Nc3 g6 4. Bb5 Bg7 5. O-O d6 6. e5 dxe5 7. Bxc6+ bxc6 8.
d3 c4 9. h3 Qc7 10. Re1 Be6 11. Qe2 cxd3 12. cxd3 Nf6 13. Nxe5 O-O 14. Bd2 c5
15. Rac1 Rac8 16. b3 Rfd8 17. Na4 Qd6 18. Ba5 Re8 19. Nc4 Qa6 20. Bc3 Bd7 21.
Ncb2 Bb5 22. Be5 Bh6 23. Rxc5 Rxc5 24. Nxc5 Qxa2 25. Nc4 Qxe2 26. Rxe2 Nd5 27.
Ra2 Nb4 28. Rxa7 Bxc4 0-1

[Event "53o Festival Citta' di Torino - Open A"]
[Site "Torino ITA"]
[Date "2024.01.03"]
[Round "2.4"]
[White "GENOCCHIO, Daniele"]
[Black "BIFULCO, Michel"]
[Result "1/2-1/2"]
[WhiteElo "2367"]
[BlackElo "2251"]
[PlyCount "41"]
[EventDate "2024.01.02"]

1. Nf3 d5 2. g3 g6 3. Bg2 Bg7 4. O-O e5 5. d3 Ne7 6. e4 O-O 7. Nbd2 Nbc6 8. c3
a5 9. a4 h6 10. Re1 Be6 11. exd5 Bxd5 12. Qe2 g5 13. Nc4 Ng6 14. Be3 b6 15.
Rad1 Qd7 16. h3 Rae8 17. Bxb6 cxb6 18. Nxb6 Qd8 19. Nxd5 Qxd5 20. Nxg5 Qd7 21.
Ne4 1/2-1/2

[Event "53o Festival Citta' di Torino - Open A"]
[Site "Torino ITA"]
[Date "2024.01.03"]
[Round "2.5"]
[White "Petritaj, Ferdinando"]
[Black "COLLUTIIS, Duilio"]
[Result "1/2-1/2"]
[WhiteElo "2176"]
[BlackElo "2344"]
[PlyCount "20"]
[EventDate "2024.01.02"]

1. d4 Nf6 2. c4 c5 3. d5 b5 4. Qc2 bxc4 5. e4 e6 6. Nc3 Be7 7. Nf3 d6 8. Bxc4
e5 9. Bb5+ Bd7 10. O-O O-O 1/2-1/2

[Event "53o Festival Citta' di Torino - Open A"]
[Site "Torino ITA"]
[Date "2024.01.03"]
[Round "2.6"]
[White "MALDONADO GONZALES, Stefano"]
[Black "PISCOPO, Pierluigi"]
[Result "1/2-1/2"]
[WhiteElo "2166"]
[BlackElo "2319"]
[PlyCount "28"]
[EventDate "2024.01.02"]

1. e4 Nf6 2. e5 Nd5 3. d4 d6 4. c4 Nb6 5. exd6 exd6 6. h3 Be7 7. Nf3 Bf5 8. Bd3
Bxd3 9. Qxd3 O-O 10. b3 a5 11. O-O a4 12. b4 Nc6 13. a3 Bf6 14. Nbd2 d5 1/2-1/2

[Event "53o Festival Citta' di Torino - Open A"]
[Site "Torino ITA"]
[Date "2024.01.03"]
[Round "2.7"]
[White "Vela Frago, Alberto"]
[Black "Lauda, Alexandr"]
[Result "1-0"]
[WhiteElo "2310"]
[BlackElo "2182"]
[PlyCount "57"]
[EventDate "2024.01.02"]

1. c4 Nf6 2. Nc3 e6 3. e4 d5 4. e5 d4 5. exf6 dxc3 6. bxc3 Qxf6 7. d4 e5 8. Nf3
Nc6 9. Bg5 Qg6 10. d5 Nb8 11. Bd3 e4 12. Bxe4 Qxe4+ 13. Kd2 Qxc4 14. Re1+ Be6
15. dxe6 f6 16. Be3 Nc6 17. Qb3 O-O-O+ 18. Nd4 Qa6 19. Kc2 Nxd4+ 20. cxd4 Ba3
21. Rad1 Rhe8 22. d5 Bd6 23. Kb1 Kb8 24. f4 c6 25. f5 Bxh2 26. Bc5 Rxd5 27.
Rxd5 cxd5 28. g3 Bxg3 29. Qxg3+ 1-0

[Event "53o Festival Citta' di Torino - Open A"]
[Site "Torino ITA"]
[Date "2024.01.03"]
[Round "2.8"]
[White "CAPPELLETTO, Joshuaede"]
[Black "MADIAI, Federico"]
[Result "1/2-1/2"]
[WhiteElo "2320"]
[BlackElo "2172"]
[PlyCount "119"]
[EventDate "2024.01.02"]

1. e4 Nc6 2. Nf3 e5 3. Bb5 a6 4. Ba4 Nf6 5. O-O Be7 6. Re1 d6 7. c3 Bg4 8. d3
Nd7 9. Nbd2 Nc5 10. Bc2 Ne6 11. h3 Bh5 12. Nf1 Ng5 13. Bxg5 Bxg5 14. Ng3 Bxf3
15. Qxf3 Qf6 16. Qxf6 Bxf6 17. Nh5 Ke7 18. Rf1 g6 19. Nxf6 Kxf6 20. f4 Kg7 21.
a4 a5 22. Rf2 Rhf8 23. Raf1 f6 24. Bb3 Rae8 25. h4 h6 26. g3 Nd8 27. f5 g5 28.
Rh2 Rh8 29. Kf2 Nc6 30. Rfh1 Ne7 31. Ke3 Rd8 32. Be6 c6 33. hxg5 fxg5 34. d4
Ng8 35. dxe5 dxe5 36. Bxg8 Rdxg8 37. Rd1 Rd8 38. Rhd2 Rxd2 39. Rxd2 h5 40. Rd7+
Kf6 41. Kf3 h4 42. gxh4 gxh4 43. Kg4 h3 44. Rd6+ Ke7 45. Rd1 h2 46. Rh1 Kf6 47.
Kg3 Rg8+ 48. Kxh2 Rg4 49. Re1 Rf4 50. Kg3 Ke7 51. b3 Kd6 52. Re3 Ke7 53. Re1
Kd6 54. Re2 Ke7 55. c4 Kf6 56. Re1 Ke7 57. Re2 Kf6 58. Re3 Ke7 59. Re1 Kf6 60.
Re2 1/2-1/2

[Event "53o Festival Citta' di Torino - Open A"]
[Site "Torino ITA"]
[Date "2024.01.03"]
[Round "2.9"]
[White "LIZZUL COPPE, Mirko"]
[Black "Lacan Rus, David"]
[Result "0-1"]
[WhiteElo "2050"]
[BlackElo "2121"]
[PlyCount "86"]
[EventDate "2024.01.02"]

1. e4 c5 2. Nf3 Nc6 3. d4 cxd4 4. Nxd4 e5 5. Nb5 d6 6. N1c3 a6 7. Na3 Be6 8.
Nc4 Rb8 9. Ne3 Nf6 10. g3 h5 11. h4 Nd4 12. Bg2 Be7 13. Ncd5 Nxd5 14. Nxd5 b5
15. c3 Nc6 16. Be3 g6 17. O-O O-O 18. Qd2 a5 19. Rad1 a4 20. Bh6 Re8 21. f4
exf4 22. Rxf4 Ne5 23. Nxe7+ Qxe7 24. Bg5 Qa7+ 25. Kh1 Ng4 26. Rdf1 Qe3 27. Qxe3
Nxe3 28. Ra1 Nc4 29. Rf2 Rec8 30. Rd1 Rb6 31. Bc1 Ne5 32. a3 Ng4 33. Rf4 Bb3
34. Rdf1 Ne5 35. Be3 Rb7 36. Bh3 Rd8 37. R4f2 d5 38. exd5 Bxd5+ 39. Bg2 Ng4 40.
Re2 Re7 41. Rfe1 Bc4 42. Bb6 Rxe2 43. Rxe2 Rd1+ 0-1